000 010830000a22002770004500
001 52458
100 _a20170419d2017 k y0pory5003 ba
101 0 _apor
102 _aPT
200 1 _aTom Sawyer, pirate
_emais de 200 palavras em inglês e português
_fadapt. Carles Muñoz Miralles
_gil. Jacob Taurà, Eric Villa
210 _a[Barcelona]
_cSic Idea & Creación
_d2011
215 _a63 p.
_cmuito il.
225 2 _aDicionário visual bilingue
305 _aEd. bilingue em Português e Inglês
606 _9741
_aConto infantojuvenil
_xCorpo humano -- [Vocabulários infantis]
_xRoupa -- [Vocabulários infantis]
675 _a087.5-053.5
_vBN
_zpor
675 _a82-34
_vBN
_zpor
675 _a811.111'373(038)
_vBN
_zpor
702 _944803
_4440
_aTaurà
_bJacob
702 _947178
_4440
_aVilla
_bEric
801 _aPT
_c20170419
859 _uhttp://www.ja.pt/images/produtos/12126.jpg
_zcapa
090 _a52458
942 _cMON
_n0
999 _a52458